AH International Schools' Libraries

Homestyle Indonesian cooking / (Record no. 50357)

MARC details
000 -LEADER
fixed length control field 00360nam a2200121 4500
020 ## - INTERNATIONAL STANDARD BOOK NUMBER
International Standard Book Number 9780794606817
100 ## - MAIN ENTRY--PERSONAL NAME
Personal name Wongso, William W.
9 (RLIN) 87337
245 ## - TITLE STATEMENT
Title Homestyle Indonesian cooking /
Statement of responsibility, etc William W. Wongso.
260 ## - PUBLICATION, DISTRIBUTION, ETC. (IMPRINT)
Place of publication, distribution, etc Singapore:
Name of publisher, distributor, etc Periplus Edition;
Date of publication, distribution, etc 2002.
300 ## - PHYSICAL DESCRIPTION
Extent 64 p.
Other physical details col. pic.
Dimensions 20 cm.
490 ## - SERIES STATEMENT
Series statement Periplus Mini Cookbooks;
942 ## - ADDED ENTRY ELEMENTS (KOHA)
Source of classification or shelving scheme
Koha item type NON FIC SECTION
Holdings
Withdrawn status Lost status Source of classification or shelving scheme Damaged status Not for loan Collection code Home library Current library Date acquired Total Checkouts Full call number Barcode Checked out Date last seen Date checked out Price effective from Koha item type
          Non-Fiction Asian Hope Secondary Library Asian Hope Secondary Library 04/03/2026 1 641 WON 210886 05/01/2026 04/24/2026 04/24/2026 04/03/2026 NON FIC SECTION

For any Logos Library related questions please contact Miss Art at swongnarasuk@asianhope.org.

For any Asian Hope Library related questions please contact Miss Raza at graza@asianhope.org.

Powered by Koha